000 01050nam a22002417a 4500
005 20100807161032.0
010 _aHIN-90068
020 _c250.00
_a9788190864749
035 _aHN-62414
037 _bDBAD / PUB
082 _a921
100 _aनंपुतिरी, नीलकंठन
_911932
245 _aइतिशेष /
_cनीलकंठन नंपुतिरी
246 _aItishesh
_bby Nilkanthan Namputari
260 _aदिल्ली
_bसाहित्य सहकार प्रकाशन
_c2010
270 _a29/62, गली नं.-11, विश्वास नगर, शाहदरा
_bदिल्ली
_e110032
300 _a160पृ
_c22सेमी (सजिल्द)
_bसचित्र
700 _97228
_aसंजय कुमार
700 _97267
700 _97698
942 _adpl
_cHN
_k
_2ddc
_mनंपुति
_h921
999 _c40184
_d40184